<?xml version='1.0' encoding='UTF-8'?>
  <record xmlns="http://www.loc.gov/MARC21/slim">
    <leader>00000cam a22000007i 4500</leader>
    <controlfield tag="001">ocm46259971</controlfield>
    <controlfield tag="003">OCoLC</controlfield>
    <controlfield tag="005">20251230064136.4</controlfield>
    <controlfield tag="008">940428s1565    fr a          000 0 ger d</controlfield>
    <datafield tag="040" ind1=" " ind2=" ">
      <subfield code="a">ZXW</subfield>
      <subfield code="b">ger</subfield>
      <subfield code="c">ZXW</subfield>
      <subfield code="d">OCLCQ</subfield>
      <subfield code="d">QGJ</subfield>
      <subfield code="d">OCLCA</subfield>
      <subfield code="d">OCLCQ</subfield>
      <subfield code="d">QGJ</subfield>
      <subfield code="d">OCLCO</subfield>
      <subfield code="d">OCLCA</subfield>
      <subfield code="d">OCLCL</subfield>
      <subfield code="d">OCLCQ</subfield>
    </datafield>
    <datafield tag="029" ind1="1" ind2=" ">
      <subfield code="a">NLGGC</subfield>
      <subfield code="b">322210623</subfield>
    </datafield>
    <datafield tag="035" ind1=" " ind2=" ">
      <subfield code="a">(OCoLC)46259971</subfield>
    </datafield>
    <datafield tag="100" ind1="1" ind2=" ">
      <subfield code="a">Caelius, Michael</subfield>
      <subfield code="d">1492-1559</subfield>
      <subfield code="e">Verfasser.</subfield>
      <subfield code="4">aut</subfield>
      <subfield code="1">https://id.oclc.org/worldcat/entity/E39PBJjmRpvxBccF6MbHxryGHC</subfield>
    </datafield>
    <datafield tag="245" ind1="1" ind2="4">
      <subfield code="a">Des Ehrwürdigen Herrn Michael Coelii seligen etwan Predigers, Decani und Pfarrherrn zů Manssfeldt, Cristliche und nützliche Ausslegungen, Predigten und Schrifften, Gemeyner Christenheyt zů dienst zůsammen bracht durch M. Ciriacum Spangenberg.</subfield>
    </datafield>
    <datafield tag="246" ind1="3" ind2=" ">
      <subfield code="a">Cristliche und nützliche Ausslegungen, Predigten und Schrifften</subfield>
    </datafield>
    <datafield tag="260" ind1=" " ind2=" ">
      <subfield code="a">Getruckt zu Strassburg :</subfield>
      <subfield code="b">bey Samuel Emmel,</subfield>
      <subfield code="c">1565.</subfield>
    </datafield>
    <datafield tag="300" ind1=" " ind2=" ">
      <subfield code="a">[12], cccliij, [1] Blätter :</subfield>
      <subfield code="b">Illustrationen ;</subfield>
      <subfield code="c">32 cm</subfield>
    </datafield>
    <datafield tag="336" ind1=" " ind2=" ">
      <subfield code="a">Text</subfield>
      <subfield code="b">txt</subfield>
      <subfield code="2">rdacontent/ger</subfield>
    </datafield>
    <datafield tag="337" ind1=" " ind2=" ">
      <subfield code="a">ohne Hilfsmittel zu benutzen</subfield>
      <subfield code="b">n</subfield>
      <subfield code="2">rdamedia/ger</subfield>
    </datafield>
    <datafield tag="338" ind1=" " ind2=" ">
      <subfield code="a">Band</subfield>
      <subfield code="b">nc</subfield>
      <subfield code="2">rdacarrier/ger</subfield>
    </datafield>
    <datafield tag="340" ind1=" " ind2=" ">
      <subfield code="m">folio</subfield>
      <subfield code="2">rdabf</subfield>
    </datafield>
    <datafield tag="500" ind1=" " ind2=" ">
      <subfield code="a">Impressum: Anno 1565.</subfield>
    </datafield>
    <datafield tag="500" ind1=" " ind2=" ">
      <subfield code="a">Colophon: Getruckt zu Strassburg, bey Samuel Emmel, Im Jar, M.D. LXV.</subfield>
    </datafield>
    <datafield tag="500" ind1=" " ind2=" ">
      <subfield code="a">Auf der Rückseite des Titelblatts: 'Insignia Michaelis Coelii'.</subfield>
    </datafield>
    <datafield tag="500" ind1=" " ind2=" ">
      <subfield code="a">Mit Bildnis und Lebensbeschreibung des Autors: "Historia von H. Michaelis Coelii leben."</subfield>
    </datafield>
    <datafield tag="510" ind1="4" ind2=" ">
      <subfield code="a">Verzeichnis der im deutschen Sprachbereich erschienenen Drucke des 16. Jahrhunderts (VD 16),</subfield>
      <subfield code="c">C 1819</subfield>
    </datafield>
    <datafield tag="700" ind1="1" ind2=" ">
      <subfield code="a">Spangenberg, Cyriacus</subfield>
      <subfield code="d">1528-1604</subfield>
      <subfield code="e">Herausgeber.</subfield>
      <subfield code="4">edt</subfield>
      <subfield code="1">https://id.oclc.org/worldcat/entity/E39PBJfrPKPcJV4fPcMmTqT4MP</subfield>
    </datafield>
    <datafield tag="758" ind1=" " ind2=" ">
      <subfield code="a">Des Ehrwürdigen Herrn Michael Coelii seligen etwan Predigers, Decani und Pfarrherrn zů Manssfeldt, Cristliche und nützliche Ausslegungen, Predigten und Schrifften, Gemeyner Christenheyt zů dienst zůsammen bracht durch M. Ciriacum Spangenberg (Text)</subfield>
      <subfield code="1">https://id.oclc.org/worldcat/entity/E39PCFFT4PtjbMhW7Y78mwmBdP</subfield>
      <subfield code="4">https://id.oclc.org/worldcat/ontology/hasWork</subfield>
    </datafield>
  </record>